| 000 | 01004nam a2200277 4500 | ||
|---|---|---|---|
| 001 | 148780 | ||
| 003 | ES-MaACL | ||
| 005 | 20230906202813.0 | ||
| 007 | t| | ||
| 008 | 070214s1978 sp r ||||1| spa d | ||
| 100 | 1 |
_aSuárez, Francisco. _9108560 |
|
| 245 | 1 | 0 |
_aDe iuramento fidelitatis _b: documentación fundamental / _cFrancisco Suárez. |
| 250 |
_aEd. crítica bilingüe _bpor L. Pereña, V. Abril y C. Baciero ; y con la colaboración de A. García y C. Villanueva. |
||
| 260 |
_aMadrid : _bInstituto Francisco de Vitoria, _c1978. |
||
| 300 |
_a383 p. ; _c21 cm. |
||
| 490 | 1 |
_aCorpus hispanorum de pace ; _v19 |
|
| 700 | 1 |
_aPereña, Luciano. _990516 |
|
| 700 | 1 |
_aAbril Castelló, Vidal, _918173 |
|
| 700 | 1 |
_aBaciero, Carlos. _924494 |
|
| 700 | 1 |
_aGarcía, A. _953991 |
|
| 700 | 1 |
_aVillanueva, C. _9115015 |
|
| 710 | 2 |
_aInstituto Francisco de Vitoria. _93245 |
|
| 830 | 0 |
_aCorpus hispanorum de pace ; _v19 _9186720 |
|
| 852 |
_aES-MaACL _jL-8180 _bR.109199 |
||
| 999 |
_c148780 _d148780 |
||